[Event "Regionalliga NW 9495"]
[Site "Bayern"]
[Date "1995.??.??"]
[Round "?.3"]
[White "Breutinger, Falk"]
[Black "Becker, Thomas"]
[Result "1-0"]
[WhiteElo "2060"]
[BlackElo "2220"]
[PlyCount "78"]
[EventDate "1994.10.??"]
[EventType "team-tourn"]
[EventRounds "9"]
[EventCountry "GER"]
[SourceTitle "EXT 1999"]
[Source "ChessBase"]
[SourceDate "1998.11.16"]
[SourceVersion "1"]
[SourceVersionDate "1998.11.16"]
[SourceQuality "1"]
[WhiteTeam "Bamberg TV"]
[BlackTeam "Obernburg"]
[WhiteTeamCountry "GER"]
[BlackTeamCountry "GER"]

1. c4 e6 2. Nf3 d5 3. b3 Nf6 4. g3 b6 5. Bg2 Bb7 6. 0-0 Be7 7. d4 0-0 8. Bb2 Ne4 9. Nc3 f5 10. Rc1 Nd7 11. e3 Rc8 12. Rc2 Ndf6 13. Ne2 Qe8 14. Nf4 Bd6 15. Nd3 dxc4 16. bxc4 Qa4 17. Qb1 Ba6 18. Rfc1 c5 19. Nfe5 Rfd8 20. f3 Ng5 21. Rc3 cxd4 22. exd4 Bf8 23. Qc2 Qe8 24. h4 Nf7 25. Nxf7 Kxf7 26. Qf2 Kg8 27. R3c2 Qa4 28. Ne5 Nd7 29. Nxd7 Rxd7 30. Qe2 Kf7 31. f4 Qxa2 32. Ra1 Qb3 33. Rxa6 Qxg3 34. Qf2 Qd3 35. Bf1 Qe4 36. Re2 Qc6 37. Re1 Bb4 38. Re3 Bd6 39. Rg3 Qc7 1-0

[Event "Regionalliga NW 9495"]
[Site "Bayern"]
[Date "1995.??.??"]
[Round "?.3"]
[White "Breutinger, Falk"]
[Black "Scheidt, Karlheinz"]
[Result "0-1"]
[WhiteElo "2060"]
[BlackElo "1895"]
[PlyCount "82"]
[EventDate "1994.10.??"]
[EventType "team-tourn"]
[EventRounds "9"]
[EventCountry "GER"]
[SourceTitle "EXT 1999"]
[Source "ChessBase"]
[SourceDate "1998.11.16"]
[SourceVersion "1"]
[SourceVersionDate "1998.11.16"]
[SourceQuality "1"]
[WhiteTeam "Bamberg TV"]
[BlackTeam "Burgsinn"]
[WhiteTeamCountry "GER"]
[BlackTeamCountry "GER"]

1. c4 g6 2. Nc3 Bg7 3. g3 c5 4. Bg2 Nc6 5. e4 d6 6. d3 e6 7. Nge2 Nge7 8. Be3 Nd4 9. 0-0 0-0 10. Rb1 Nec6 11. a3 a5 12. f4 f5 13. Kh1 Bd7 14. Nb5 Nxe2 15. Qxe2 Qe7 16. Qf2 e5 17. Nc7 Rab8 18. Nd5 Qd8 19. b4 fxe4 20. bxc5 exf4 21. gxf4 exd3 22. cxd6 Bf5 23. Bc5 Re8 24. Ne7+ Nxe7 25. dxe7 Rxe7 26. Bxe7 Qxe7 27. Qa7 Qc7 28. Bd5+ Kh8 29. Qe3 Qd7 30. Qa7 Qc7 31. Rbd1 Bf6 32. Qf2 b5 33. cxb5 Rxb5 34. Bg2 Rb2 35. Qf3 Qe7 36. Rfe1 Qxa3 37. Qd5 Re2 38. Qf7 Qe7 39. Qxe7 Bxe7 40. Rxe2 dxe2 41. Re1 Bg4 0-1

[Event "Regionalliga NW 9495"]
[Site "Bayern"]
[Date "1995.??.??"]
[Round "?.3"]
[White "Seuffert, Gabriel"]
[Black "Breutinger, Falk"]
[Result "1-0"]
[WhiteElo "1965"]
[BlackElo "2060"]
[PlyCount "41"]
[EventDate "1994.10.??"]
[EventType "team-tourn"]
[EventRounds "9"]
[EventCountry "GER"]
[SourceTitle "EXT 1999"]
[Source "ChessBase"]
[SourceDate "1998.11.16"]
[SourceVersion "1"]
[SourceVersionDate "1998.11.16"]
[SourceQuality "1"]
[WhiteTeam "Sailauf "]
[BlackTeam "Bamberg TV"]
[WhiteTeamCountry "GER"]
[BlackTeamCountry "GER"]

1. c4 e6 2. Nc3 d5 3. cxd5 exd5 4. d4 Be7 5. Qc2 c6 6. Bf4 Nf6 7. e3 0-0 8. Bd3 h6 9. h3 Re8 10. Nf3 a6 11. 0-0-0 Be6 12. g4 Nfd7 13. Rdg1 g5 14. Be5 Nxe5 15. Nxe5 Nd7 16. h4 Nxe5 17. dxe5 gxh4 18. g5 h3 19. gxh6+ Kh8 20. Rg7 Bb4 21. Rhg1 1-0

[Event "Regionalliga NW 9495"]
[Site "Bayern"]
[Date "1994.??.??"]
[Round "?.2"]
[White "Wolf, Richard"]
[Black "Breutinger, Falk"]
[Result "1-0"]
[WhiteElo "2095"]
[BlackElo "2060"]
[PlyCount "117"]
[EventDate "1994.10.??"]
[EventType "team-tourn"]
[EventRounds "9"]
[EventCountry "GER"]
[SourceTitle "EXT 1999"]
[Source "ChessBase"]
[SourceDate "1998.11.16"]
[SourceVersion "1"]
[SourceVersionDate "1998.11.16"]
[SourceQuality "1"]
[WhiteTeam "Schweinfurt Fr"]
[BlackTeam "Bamberg TV"]
[WhiteTeamCountry "GER"]
[BlackTeamCountry "GER"]

1. e4 e6 2. d4 d5 3. Nc3 Bb4 4. e5 c5 5. a3 Bxc3+ 6. bxc3 Ne7 7. a4 Qa5 8. Qd2 Nbc6 9. Nf3 Bd7 10. Ba3 c4 11. g3 h6 12. Bg2 0-0 13. 0-0 Rfe8 14. Nh4 Ng6 15. Nxg6 fxg6 16. Rfb1 b6 17. f4 Nd8 18. Bb4 Qa6 19. g4 Bxa4 20. f5 gxf5 21. gxf5 b5 22. Rf1 Nf7 23. f6 g6 24. h4 Kh7 25. Rae1 Qb7 26. Bh3 a5 27. Be7 Qd7 28. Rf2 Rg8 29. Kh1 Rab8 30. Rg2 g5 31. Qe2 Rg6 32. h5 Rgg8 33. Bf5+ exf5 34. e6 Qe8 35. Qf3 Kh8 36. Qxd5 Rd8 37. Bxd8 Nxd8 38. f7 Nxf7 39. Qxf5 Nd8 40. Qe5+ Rg7 41. e7 Nc6 42. Qf6 Nxe7 43. Qxh6+ Kg8 44. Rxg5 Qc6+ 45. Qxc6 Nxc6 46. Re8+ Kf7 47. Rxg7+ Kxg7 48. h6+ Kxh6 49. Re6+ Kg5 50. Rxc6 Kf4 51. Ra6 Bxc2 52. Rxa5 Ke3 53. Rxb5 Kd2 54. d5 Be4+ 55. Kg1 Kxc3 56. d6 Bc6 57. Rb6 Ba4 58. Kf2 Kc2 59. Rb4 1-0